000 00959cam a2200205 4500
001 WB3833-04
008 020912n2002 000 0 eng u
035 _a(Sirsi) u119676
245 _aNew construction orders - July 2002
260 _c2002
490 _aDTI Press Release
_v(C-0902) 12 September 2002, (2)
520 _aOrders in the 12 months to July 2002 rose by 5% compared to orders in the previous 12 months and orders in the three months to July 2002 rose by 8% compared to the same period a year earlier. Orders in the the three months to July 2002 fell by 4% compared to the previous three months despite a high July figure. http://www.nds.coi.gov.uk/coi/coipress.nsf/4eb388ccc4bff3e880256bf4003360fb/7a46e7d7deccf55b80256c32002f8f5b?OpenDocument
590 _aWB
650 _aCONSTRUCTION ORDERS
650 _aCONSTRUCTION DEMAND
650 _aCONSTRUCTION MARKET
650 _aSTATISTICS
690 _aBUILT ENVIRONMENT
942 _n0
999 _c71146
_d71146